| 000 | 00974cam a2200301 i 4500 | ||
|---|---|---|---|
| 003 | EG-ScBUE | ||
| 005 | 20240402093225.0 | ||
| 008 | 960415s1995 enka f b 001 0 eng d | ||
| 020 | _a0747520402 | ||
| 020 | _a9780747520405 | ||
| 040 |
_aUk _beng _erda _cUk _dEG-ScBUE |
||
| 043 | _aa-su--- | ||
| 082 | 0 | 4 |
_a953.8 _222 _bABU |
| 100 | 1 |
_aAburish, Saïd K., _d1935-2012, _eauthor. |
|
| 245 | 1 | 4 |
_aThe rise, corruption, and coming fall of the House of Saud / _cSaïd K. Aburish. |
| 264 | 1 |
_aLondon : _bBloomsbury Publishing, _c1995. |
|
| 300 |
_ax, 326 pages : _billustrations ; _c20 cm |
||
| 336 |
_2rdacontent _atext _btxt |
||
| 337 |
_aunmediated _2rdamedia _bn |
||
| 338 |
_avolume _bnc _2rdacarrier |
||
| 504 | _aIncludes bibliographical references and index. | ||
| 600 | 3 | 7 |
_aĀl Saʻūd, House of. _2BUEsh |
| 650 | _2BUEsh | ||
| 651 | 7 |
_aSaudi Arabia _xHistory. _2BUEsh |
|
| 653 |
_bHHUUEENN _bGGEN _cApril2018 _cMay2018 |
||
| 655 | _vReading book | ||
| 942 |
_2ddc _cBB |
||
| 999 |
_c26507 _d26479 |
||